Words with Their Head Cut Off Quiz Stats

Quiz Updated Nov 22, 2011

Challenge
Share
Tweet
Embed
Score 0/52 Timer 02:00
3 Plays Today
Head Cut Off Word % Correct
ZZODIAC
92.4%
ODIACZODIAC
92.4%
XXYLOPHONE
89.8%
YLOPHONEXYLOPHONE
89.8%
RRHETORIC
89%
HETORICRHETORIC
89%
BBUTANE
85.6%
UTANEBUTANE
85.6%
AABDICATE
85.2%
BDICATEABDICATE
85.2%
KKNEEL
83.2%
NEELKNEEL
83.2%
SSCURVY
81.5%
CURVYSCURVY
81.5%
GGHASTLY
79.7%
HASTLYGHASTLY
79.7%
MMETRONOME
79.3%
ETRONOMEMETRONOME
79.3%
PPANTALOON
77.8%
ANTALOONPANTALOON
77.8%
EEVISCERATE
73%
VISCERATEEVISCERATE
73%
CCAPITULATE
71.2%
APITULATECAPITULATE
71.2%
DDRAGOON
69.7%
RAGOONDRAGOON
69.7%
Head Cut Off Word % Correct
UUPBRAID
68.8%
PBRAIDUPBRAID
68.7%
YYEARLONG
67.1%
EARLONGYEARLONG
67.1%
TTURGID
65.3%
URGIDTURGID
65.3%
NNOSEGAY
62.5%
OSEGAYNOSEGAY
62.5%
HHYENA
62.2%
YENAHYENA
62.2%
WWHEEDLE
56%
HEEDLEWHEEDLE
56%
QQUORUM
55.8%
UORUMQUORUM
55.8%
IIRASCIBLE
54.5%
RASCIBLEIRASCIBLE
54.5%
OOBDURATE
53.1%
BDURATEOBDURATE
53.1%
FFINAGLE
49.8%
INAGLEFINAGLE
49.8%
VVALOROUS
40.3%
ALOROUSVALOROUS
40.3%
LLEONINE
38%
EONINELEONINE
38%
JJEJUNE
35.1%
EJUNEJEJUNE
35.1%

You're not logged in!

Compare scores with friends on all Sporcle quizzes.
Join for Free
OR
Log In

You Might Also Like...

Show Comments

Extras

Top Quizzes Today


Score Distribution

Your Account Isn't Verified!

In order to create a playlist on Sporcle, you need to verify the email address you used during registration. Go to your Sporcle Settings to finish the process.

Report this User

Report this user for behavior that violates our Community Guidelines.

Details: